000 00363nam a2200133Ia 4500
008 151001s9999||||xx |||||||||||||| ||und||
100 _aअविनाश कांबळे
245 _aमराठी गझल
250 _a1
260 _bनिहार प्रकाशन पुणे
260 _c1915
300 _a240
365 _b20
999 _c971497
_d971494